000 00476nam a2200193 a 4500
001 1759131212530
003 ACL
005 20250929130803.0
008 250929s1995##################000#0#eng##
020 _a9780714834658
082 0 4 _a709.2
_bMOR
100 1 _aPress, Editors of Phaidon,
_eauthor.
245 1 0 _aDesigns of William Morris :
260 _bPhaidon Press,
_c1995.
300 _a160 pages
650 0 _aDesign.
942 _cENGLISH
040 _aACL
_beng
_cACL
999 _c590120
_d590120